La Philosophie de l'Esprit : Une introduction aux débats contemporains (notice n° 1925552)

détails MARC
000 -LEADER
fixed length control field 00896cam a2200133 4500500
005 - DATE AND TIME OF LATEST TRANSACTION
control field 20260329023219.0
041 ## - LANGUAGE CODE
Language code of text/sound track or separate title fre
042 ## - AUTHENTICATION CODE
Authentication code dc
100 10 - MAIN ENTRY--PERSONAL NAME
Personal name Esfeld, Michaël
Relator term author
245 00 - TITLE STATEMENT
Title La Philosophie de l'Esprit : Une introduction aux débats contemporains
260 ## - PUBLICATION, DISTRIBUTION, ETC.
Name of publisher, distributor, etc. Armand Colin,<br/>
Date of publication, distribution, etc. 2025.<br/>
520 ## - SUMMARY, ETC.
Summary, etc. Cet ouvrage de référence présente l’état actuel de la philosophie de l’esprit en introduisant les positions majeures dans un ordre systématique, en exposant les arguments principaux pour chaque position ainsi que les éléments de critique, et créant de cette manière un fil conducteur. S’y associent un appareil didactique fouillé avec résumés des points centraux, suggestions de lecture, questions de contrôle et propositions de travail.
856 41 - ELECTRONIC LOCATION AND ACCESS
Uniform Resource Identifier <a href="https://shs.cairn.info/la-philosophie-de-lesprit--9782200640330?lang=fr&redirect-ssocas=7080">https://shs.cairn.info/la-philosophie-de-lesprit--9782200640330?lang=fr&redirect-ssocas=7080</a>

Pas d'exemplaire disponible.

PLUDOC

PLUDOC est la plateforme unique et centralisée de gestion des bibliothèques physiques et numériques de Guinée administré par le CEDUST. Elle est la plus grande base de données de ressources documentaires pour les Étudiants, Enseignants chercheurs et Chercheurs de Guinée.

Adresse

627 919 101/664 919 101

25 boulevard du commerce
Kaloum, Conakry, Guinée

Réseaux sociaux

Powered by Netsen Group @ 2025